Catalog

Record Details

Catalog Search



Available copies

  • 1 of 1 copy available at LARL/NWRL Consortium.

Current holds

0 current holds with 1 total copy.

Show Only Available Copies
Location Call Number / Copy Notes Barcode Shelving Location Status Due Date
Thief River Falls Public Library BUF (Text) 35500004276307 Main Available -

Record details

  • ISBN: 0446527378
  • Physical Description: 418 p. ; 24 cm.
  • Publisher: New York : Warner Books, c2001.
Subject: Trials (Murder) > Fiction.
Judges > Fiction.
LDR 00736pam a2200229 a 4500
001117440
003LARL_NWRL_CONSORTIUM
00520010723130100.0
008000718s2001 nyu 000 1 eng
010 . ‡a00060013
020 . ‡a0446527378
040 . ‡aDLC ‡cDLC ‡dCAV
090 . ‡aPS3552.U44 ‡bJ83 2001
090 . ‡aPS3552.U44 ‡bJ83 2001
1001 . ‡aBuffa, Dudley W., ‡d1940- ‡0(LARL_NWRL_CONSORTIUM)77298
24514. ‡aThe judgment / ‡cD.W. Burra.
260 . ‡aNew York : ‡bWarner Books, ‡cc2001.
300 . ‡a418 p. ; ‡c24 cm.
650 0. ‡aTrials (Murder) ‡vFiction. ‡0(LARL_NWRL_CONSORTIUM)167629
650 0. ‡aJudges ‡vFiction. ‡0(LARL_NWRL_CONSORTIUM)165825
901 . ‡a117440 ‡bISxN ‡c117440 ‡tbiblio

Additional Resources